Statistiken für Alle Pokémon der 4. Generation

Klicken Sie hier um das Quiz zu spielen!

Allgemein

  • Dieses Quiz wurde 8 mal gespielt
  • Das Durchschnittsergebnis liegt bei 69 aus 107

Antwortstatistiken

4. Generation% Korrekt
Chelast
100%
Chelcarain
100%
Chelterrar
100%
Dialga
100%
Giratina
100%
Impoleon
100%
Lucario
100%
Palkia
100%
Panferno
100%
Panflam
100%
Panpyro
100%
Plinfa
100%
Pliprin
100%
Riolu
100%
Selfe
100%
Shaymin
100%
Tobutz
100%
Vesprit
100%
Arceus
83%
Bamelin
83%
Bidifas
83%
Bidiza
83%
Bojelin
83%
Burmy
83%
Darkrai
83%
Honweisel
83%
Luxio
83%
Luxtra
83%
Sheinux
83%
Staralili
83%
Staraptor
83%
Staravia
83%
Wadribie
83%
Ambidiffel
67%
Bollterus
67%
Bronzel
67%
Bronzong
67%
Burmadame
67%
Charmian
67%
Elevoltek
67%
Folipurba
67%
Gastrodon
67%
Glaziola
67%
Glibunkel
67%
Heatran
67%
Kaumalat
67%
Kinoso
67%
Knakrack
67%
Knarksel
67%
Knospi
67%
Koknodon
67%
Magbrant
67%
Mampfaxo
67%
Manaphy
67%
Moterpel
67%
Phione
67%
Rameidon
67%
Roserade
67%
Schalellos
67%
Schilterus
67%
Skunkapuh
67%
Skuntank
67%
Toxiquak
67%
Traunmagil
67%
Zirpeise
67%
Cresselia
50%
Driftlon
50%
Drifzepeli
50%
Finneon
50%
Frosdedje
50%
Galagladi
50%
Kikugi
50%
Kramshef
50%
Kryppuk
50%
Lumineon
50%
Magnezone
50%
Mobai
50%
Pachirisu
50%
Regigigas
50%
Rexblisar
50%
Shnebedeck
50%
Shnurgarst
50%
Snibunna
50%
Togekiss
50%
Venuflibis
50%
Wonneira
50%
Yanmega
50%
Haspiror
33%
Hippopotas
33%
Hippoterus
33%
Klingplim
33%
Mamutel
33%
Mantirps
33%
Pantimimi
33%
Piondragi
33%
Pionskora
33%
Plaudagei
33%
Rihornior
33%
Rotom
33%
Schlapor
33%
Schlurplek
33%
Tangoloss
33%
Zipurze
33%
Porygon -Z
17%
Skorgro
17%
Voluminas
17%
Zwirrfinst
17%

Verteilung der Resultate

Perzentil nach korrekt beantworteten Fragen

Anzahl Personen mit jedem Resultat

Ihre Resultats-Entwicklung

Sie haben dieses Quiz noch nicht gespielt